| 000 | 00347nam a2200133Ia 4500 | ||
|---|---|---|---|
| 008 | 230511s1972 xx 000 0 und d | ||
| 041 | _aeng | ||
| 082 | _a345.4202523 | ||
| 100 | _aLustgarten Edgar | ||
| 245 | _aThe Killing of Julia Wallace | ||
| 260 |
_aLondon _bGeorge G.Harrap & Co Ltd _c1972 |
||
| 300 | _a323 | ||
| 906 | _amystery in crime | ||
| 999 |
_c353985 _d353985 |
||